| 000 | 01500nam a22002177a 4500 | ||
|---|---|---|---|
| 999 |
_c57337 _d57337 |
||
| 003 | Ge_BSU | ||
| 005 | 20200525143503.0 | ||
| 008 | 200525s2018ge xxu||||| |||| 00| 0 geo d | ||
| 020 | _a9789941960727 | ||
| 041 | _ageo | ||
| 080 | _a343.163.5 კ-64 | ||
| 100 |
_aკობალაძე, პაატა. _98191 |
||
| 245 |
_aპროკურორი როგორც სახელმწიფო ბრალმდებელი : _b [მონოგრაფია] / _cპაატა კობალაძე ; რედ : ირაკლი გაბისონია ; ვეფხვია გვარამია. |
||
| 264 |
_aთბილისი : _bიურისტების სამყარო, _c 2018. |
||
| 300 |
_a180 გვ. ; _c 20 სმ. |
||
| 504 | _aბიბლიოგრაფია: გვ. 157-179. | ||
| 700 |
_aგაბისონია, ირაკლი _eრედაქტორი _97024 |
||
| 700 |
_aგვარამია, ვეფხვია _eრედაქტორი _98192 |
||
| 710 |
_aწიგნი გამოცემულია საქ. ტექნ. უნ-ტის სამართლისა და საერთ. ურთიერთობების ფაკ-ტის მიერ დამტკიცებული სამეცნიერო პროექტის "საგამოძიებო სამართლის" ფარგლებში. _98193 |
||
| 942 |
_2udc _cBK |
||